ARRUPE JESUIT UNIVERSITY

CORONAVIRUS -STOP THE SPREAD - CLEAN,DISINFECT,COVER

Jesus the Jew: (Record no. 123612)

MARC details
000 -LEADER
fixed length control field 00938cam a2200313 4500
001 - CONTROL NUMBER
control field 4092252
003 - CONTROL NUMBER IDENTIFIER
control field ARRUPE
005 - DATE AND TIME OF LATEST TRANSACTION
control field 20151026153833.0
008 - FIXED-LENGTH DATA ELEMENTS--GENERAL INFORMATION
fixed length control field 731120s1973 enk b 001 0 eng
010 ## - LIBRARY OF CONGRESS CONTROL NUMBER
LC control number 73176183
015 ## - NATIONAL BIBLIOGRAPHY NUMBER
National bibliography number GB73-19130
020 ## - INTERNATIONAL STANDARD BOOK NUMBER
International Standard Book Number 0002153734
040 ## - CATALOGING SOURCE
Original cataloging agency DLC
Transcribing agency DLC
Modifying agency DLC
050 00 - LIBRARY OF CONGRESS CALL NUMBER
Classification number BT202
Item number .V45
082 00 - DEWEY DECIMAL CLASSIFICATION NUMBER
Classification number 232
300 ## - PHYSICAL DESCRIPTION
Dimensions 22 cm.
100 1# - MAIN ENTRY--PERSONAL NAME
Personal name Vermès, Géza,
Dates associated with a name 1924-2013.
9 (RLIN) 20544
245 10 - TITLE STATEMENT
Title Jesus the Jew:
Remainder of title a historian's reading of the Gospels.
Statement of responsibility, etc by Vermès, Géza,
260 ## - PUBLICATION, DISTRIBUTION, ETC. (IMPRINT)
Place of publication, distribution, etc London,
Name of publisher, distributor, etc Albans
Date of publication, distribution, etc 1983.
300 ## - PHYSICAL DESCRIPTION
Extent xix, 283 p.
350 ## - PRICE (NR) (BK AM CF MU VM SE) [OBSOLETE]
Price £3.15
440 ## - SERIES STATEMENT/ADDED ENTRY--TITLE
Title SCM Classics
9 (RLIN) 20545
500 ## - GENERAL NOTE
General note Includes index.
504 ## - BIBLIOGRAPHY, ETC. NOTE
Bibliography, etc Bibliography: p. [11]-14.
600 00 - SUBJECT ADDED ENTRY--PERSONAL NAME
Personal name Jesus Christ
General subdivision Person and offices.
9 (RLIN) 20546
600 00 - SUBJECT ADDED ENTRY--PERSONAL NAME
Personal name Jesus Christ
General subdivision Name.
9 (RLIN) 20547
600 00 - SUBJECT ADDED ENTRY--PERSONAL NAME
Personal name Jesus Christ
General subdivision Jewish interpretations.
9 (RLIN) 20548
906 ## - LOCAL DATA ELEMENT F, LDF (RLIN)
a 7
b cbc
c orignew
d 3
e ncip
f 19
g y-gencatlg
942 ## - ADDED ENTRY ELEMENTS (KOHA)
Source of classification or shelving scheme Library of Congress Classification
Koha item type Monograph ( Printed materials)
Holdings
Withdrawn status Lost status Source of classification or shelving scheme Damaged status Not for loan Collection code Home library Current library Shelving location Date acquired Total Checkouts Full call number Barcode Date last seen Price effective from Koha item type
    Library of Congress Classification     Main Collection ARRUPE LIBRARY ARRUPE LIBRARY Main Collection 26/10/2015   BT202.V45 46500005670 01/12/2016 26/10/2015 Monograph ( Printed materials)

 

Arrupe Library. PO Box MP320 Mt Pleasant, Harare, Zimbabwe
263 242 745411|librarian@aju.ac.zw